000
00268nam a2200109Ia 4500
008
200302s9999 xx 000 0 und d
100
_a
Sigrid Hauser & Others
245
_a
Peter Zumthor Therme Vals
260
_b
Schedegger & Spiess
260
_c
2007
300
_a
191 P.,
999
_c
2730
_d
2730